| 000 | 00705nam a22002177a 4500 | ||
|---|---|---|---|
| 999 |
_c1297 _d1297 |
||
| 003 | AR-CdUCM | ||
| 008 | 190226b ||||| |||| 00| 0 eng d | ||
| 040 |
_aMUNICIPALIDAD PROVINCIAL DEL CUSCO _cBIBLIOTECA MUNICIPAL DEL CUSCO |
||
| 082 |
_a321.4 / _bS39 |
||
| 100 |
_aCorrales Seoane, Edgardo _95005 |
||
| 245 |
_aSurcos de Paz _cCorrales Seoane, Edgardo |
||
| 260 |
_aLima - Peru: _bSeoane Corrales , _c1963. |
||
| 300 |
_a355 paginas: _c18 cm. |
||
| 650 |
_aEconomia Agricola. _95006 |
||
| 650 |
_aOrografia Peruana. _95007 |
||
| 650 |
_aAgrotecnologia en el Peru. _95008 |
||
| 650 |
_aAgronomia. _95009 |
||
| 700 |
_aCorrales Seoane, Edgardo _95005 |
||
| 942 |
_2ddc _cLIBROS |
||
| 945 |
_artm _d2019-02-26 |
||